Text to reader (Record no. 143812)
[ view plain ]
| 000 -LEADER | |
|---|---|
| fixed length control field | 01489nam a2200337 a 4500 |
| 100 1# - MAIN ENTRY--AUTHOR NAME | |
| Personal name | Haen, Theo d'. |
| 245 10 - TITLE STATEMENT | |
| Title | Text to reader |
| 260 ## - PUBLICATION, DISTRIBUTION, ETC. (IMPRINT) | |
| Place of publication | Amsterdam ; |
| -- | Philadelphia : |
| Name of publisher | John Benjamins Pub. Co., |
| Year of publication | 1983. |
| 300 ## - PHYSICAL DESCRIPTION | |
| Number of Pages | x, 162 p. : |
| Other physical details | ill. |
| 490 1# - SERIES STATEMENT | |
| Series statement | Utrecht publications in general and comparative literature = |
| -- | Utrechtse Publikaties voor Algemene Literatuurwetenschap (UPAL) ; |
| 650 #0 - SUBJECT ADDED ENTRY--TOPICAL TERM | |
| Topical Term | Fiction |
| Topical Term | Reader-response criticism. |
| 856 40 - ELECTRONIC LOCATION AND ACCESS | |
| Uniform Resource Identifier | http://site.ebrary.com/lib/rucke/Doc?id=10524110 |
No items available.
